Statistics for Nursery Rhymes by Lyrics

Click here to take the quiz!

General Stats

  • This quiz has been taken 39 times
  • The average score is 5 of 8

Answer Stats

LyricsAnswer% Correct
Up above the world so highTwinkle Twinkle Little Star
89%
Life is but a dreamRow, Row, Row Your Boat
82%
Out came the sun and dried out all the rainItsy Bitsy Spider
75%
My fair ladyLondon Bridge Is Falling Down
75%
Who lives down the laneBaa, Baa, Black Sheep
57%
That lives on Drury laneThe Muffin Man
54%
And you really want to showIf You're Happy and You Know It
46%
All day longThe Wheels on the Bus
36%

Score Distribution

Percentile by Number Answered

Percent of People with Each Score

Your Score History

You have not taken this quiz